Statistics for Every Nation Team Debut at the FIFA World Cup

Click here to take the quiz!

General Stats

  • This quiz has been taken 47 times
    (34 since last reset)
  • The average score is 58 of 84

Answer Stats

YearAnswer% Correct
1930Argentina
100%
1930Brazil
100%
1930Belgium
92%
1930Belgium
92%
1930France
92%
1930Mexico
92%
1930United States
92%
1930Uruguay
92%
1986Canada
83%
2002China
83%
1990Costa Rica
83%
1998Croatia
83%
1950England
83%
1966Portugal
83%
2022Qatar
83%
1954Scotland
83%
1934Spain
83%
1954Turkey
83%
1958Wales
83%
1974Australia
75%
1930Bolivia
75%
1982Cameroon
75%
1930Chile
75%
2006Czechia
75%
1934Egypt
75%
1934Germany
75%
2006Ghana
75%
2018Iceland
75%
1978Iran
75%
1998Japan
75%
1970Morocco
75%
1934Netherlands
75%
1958Northern Ireland
75%
1930Paraguay
75%
1930Peru
75%
1990Republic of Ireland
75%
2002Senegal
75%
2010Serbia
75%
2006Serbia and Montenegro
75%
2010Slovakia
75%
1954South Korea
75%
1934Switzerland
75%
1982Algeria
67%
1934Austria
67%
1938
Poland
67%
2002Ecuador
67%
1982Honduras
67%
1934Hungary
67%
1986Iraq
67%
1934Italy
67%
2006Ivory Coast
67%
1982New Zealand
67%
1994Nigeria
67%
1938Norway
67%
1930Romania
67%
1994Saudi Arabia
67%
2002Slovenia
67%
1998South Africa
67%
1958Soviet Union
67%
1934Sweden
67%
1978Tunisia
67%
2014Bosnia and Herzegovina
58%
1962Bulgaria
58%
1938Cuba
58%
1934Czechoslovakia
58%
1986Denmark
58%
1994Greece
58%
1970Israel
58%
1998Jamaica
58%
1966North Korea
58%
2018Panama
58%
2006Ukraine
58%
1930Yugoslavia
58%
2006Angola
50%
1962Colombia
50%
1970El Salvador
50%
1974Haiti
42%
2006Trinidad and Tobago
42%
1990United Arab Emirates
42%
1974East Germany
33%
1982Kuwait
33%
2006Togo
25%
1974Zaire
25%
1938Dutch East Indies
17%

Score Distribution

Percentile by Number Answered

Percent of People with Each Score

Your Score History

You have not taken this quiz since the last reset